Statistics for Planet Zoo All Animals

Click here to take the quiz!

General Stats

  • This quiz has been taken 69 times
    (50 since last reset)
  • The average score is 114 of 180

Answer Stats

Animal GroupHabitat/ExhibitIUCN StatusDLCAnimal% Correct
MammalHabitatEndangeredBasegameAfrican Elephant
91%
MammalHabitatEndangeredBasegameBengal Tiger
91%
MammalHabitatLeast ConcernBasegameGrizzly Bear
91%
MammalHabitatEndangeredBasegameIndian Elephant
91%
MammalHabitatEndangeredBasegameSiberian Tiger
91%
MammalHabitatCritically EndangeredBasegameWest African Lion
91%
BirdHabitatEndangeredAfrica PackAfrican Penguin
88%
MammalHabitatCritically EndangeredConservation PackAmur Leopard
88%
MammalHabitatLeast ConcernArctic PackArctic Wolf
88%
MammalHabitatVulnerableSoutheast Asia PackClouded Leopard
88%
MammalHabitatVulnerableBasegameFormosan Black Bear
88%
MammalHabitatCritically EndangeredBasegameHimalayan Brown Bear
88%
BirdHabitatLeast ConcernAquatic PackKing Penguin
88%
BirdHabitatLeast ConcernOceania PackLittle Penguin
88%
MammalHabitatNear ThreatenedGrasslands PackManed Wolf
88%
MammalHabitatNear ThreatenedBasegamePlains Zebra
88%
MammalHabitatVulnerableArctic PackPolar Bear
88%
MammalHabitatVulnerableEurasia Animal PackSloth Bear
88%
MammalHabitatVulnerableBasegameSnow Leopard
88%
MammalHabitatVulnerableSoutheast Asia PackSun Bear
88%
MammalHabitatLeast ConcernBasegameTimber Wolf
88%
MammalHabitatEndangeredBasegameAfrican Wild Dog
84%
MammalHabitatLeast ConcernArctic PackArctic Fox
84%
MammalHabitatLeast ConcernAfrica PackFennec Fox
84%
MammalHabitatLeast ConcernTwilight PackRed Fox
84%
MammalHabitatEndangeredBasegameReticulated Giraffe
84%
MammalHabitatNear ThreatenedBasegameAfrican Buffalo
81%
InsectExhibitLeast ConcernGrasslands PackEuropean Peacock
81%
MammalHabitatVulnerableBasegameHippopotamus
81%
MammalHabitatEndangeredConservation PackPrzewalski's Horse
81%
MammalHabitatEndangeredDeluxe UpgradePygmy Hippo
81%
MarsupialHabitatLeast ConcernAustralia PackRed Kangaroo
81%
ReptileHabitatLeast ConcernBasegameSaltwater Crocodile
81%
MammalHabitatCritically EndangeredBasegameWestern Chimpanzee
81%
MammalHabitatEndangeredWetlands PackWild Water Buffalo
81%
MammalHabitatDomesticatedBasegameBactrian Camel
78%
MammalHabitatCritically EndangeredAnniversary GiftBlack and White Ruffed Lemur
78%
MammalHabitatCritically EndangeredArid PackBlack Rhinoceros
78%
MammalHabitatCritically EndangeredBasegameBornean Orangutan
78%
ArachnidExhibitData DeficientBasegameBrazilian Wandering Spider
78%
BirdHabitatLeast ConcernBasegameCommon Ostrich
78%
MammalHabitatDomesticatedArid PackDromedary Camel
78%
MammalExhibitLeast ConcernTwilight PackEgyptian Fruit Bat
78%
MammalHabitatVulnerableBasegameIndian Rhinoceros
78%
MammalHabitatCritically EndangeredBasegameRed Ruffed Lemur
78%
MammalHabitatEndangeredBasegameRing Tailed Lemur
78%
MammalHabitatNear ThreatenedAfrica PackSouthern White Rhinoceros
78%
MammalHabitatCritically EndangeredBasegameWestern Lowland Gorilla
78%
MammalHabitatLeast ConcernBasegameAardvark
75%
ReptileHabitatLeast ConcernNorth America PackAmerican Alligator
75%
AmphibianExhibitLeast ConcernNorth America PackAmerican Bullfrog
75%
InsectExhibitLeast ConcernGrasslands PackCloudless Sulphur
75%
MammalHabitatCritically EndangeredArid PackDama Gazelle
75%
AmphibianExhibitEndangeredBasegameGolden Poison Frog
75%
AmphibianExhibitEndangeredBasegameGoliath Frog
75%
BirdHabitatLeast ConcernBasegameGreater Flamingo
75%
MarsupialHabitatVulnerableAustralia PackKoala
75%
ReptileHabitatEndangeredDeluxe UpgradeKomodo Dragon
75%
AmphibianExhibitCritically EndangeredBasegameLehmann's Poison Frog
75%
InsectExhibitData DeficientGrasslands PackMenelaus Blue Morpho
75%
InsectExhibitEndangeredGrasslands PackMonarch
75%
InsectExhibitLeast ConcernGrasslands PackOld World Swallowtail
75%
MammalHabitatEndangeredSoutheast Asia PackProboscis Monkey
75%
AmphibianExhibitLeast ConcernSouth America PackRed Eyed Tree Frog
75%
MammalHabitatLeast ConcernDeluxe UpgradeThomson's Gazelle
75%
ReptileHabitatVulnerableBasegameAldabra Giant Tortoise
72%
MammalHabitatNear ThreatenedBasegameAmerican Bison
72%
ReptileExhibitLeast ConcernBasegameEastern Brown Snake
72%
MammalHabitatLeast ConcernEurope PackEuropean Fallow Deer
72%
ReptileHabitatVulnerableBasegameGalapagos Giant Tortoise
72%
MammalHabitatVulnerableBasegameGiant Panda
72%
ReptileExhibitNear ThreatenedEurasia Animal PackHermann's Tortoise
72%
BirdHabitatLeast ConcernBasegameIndian Peafowl
72%
MammalHabitatLeast ConcernNorth America PackMoose
72%
MammalHabitatLeast ConcernNorth America PackNorth American Beaver
72%
MammalHabitatLeast ConcernAnniversary GiftRed Deer
72%
MammalHabitatLeast ConcernAquatic PackGrey Seal
69%
MammalHabitatNear ThreatenedSouth America PackJaguar
69%
MammalHabitatVulnerableWetlands PackAsian Small Clawed Otter
66%
ReptileHabitatLeast ConcernTropical PackAsian Water Monitor
66%
ReptileExhibitLeast ConcernBasegameBoa Constrictor
66%
MammalExhibitLeast ConcernTropical PackBrown Throated Sloth
66%
MammalHabitatVulnerableBasegameCheetah
66%
MammalHabitatLeast ConcernNorth America PackCougar
66%
ReptileHabitatLeast ConcernAquatic PackCuvier's Dwarf Caiman
66%
ReptileExhibitLeast ConcernAustralia PackEastern Blue Tongued Lizard
66%
MammalHabitatEndangeredAquatic PackGiant Otter
66%
ReptileHabitatLeast ConcernBasegameNile Monitor
66%
MammalHabitatEndangeredBasegameOkapi
66%
ReptileHabitatLeast ConcernWetlands PackSpectacled Caiman
66%
MammalHabitatEndangeredBasegameBaird's Tapir
63%
MammalHabitatEndangeredBasegameBonobo
63%
ArachnidExhibitData DeficientBasegameBrazilian Salmon Pink Tarantula
63%
MammalHabitatLeast ConcernWetlands PackCapybara
63%
MammalHabitatVulnerableAustralia PackDingo
63%
BirdHabitatLeast ConcernGrasslands PackEmu
63%
ReptileHabitatCritically EndangeredBasegameGharial
63%
MammalHabitatEndangeredSoutheast Asia PackMalayan Tapir
63%
MammalHabitatLeast ConcernAfrica PackMeerkat
63%
ArachnidExhibitVulnerableBasegameMexican Red Knee Tarantula
63%
MammalHabitatLeast ConcernArctic PackDall Sheep
59%
AmphibianExhibitLeast ConcernEurope PackFire Salamander
59%
MammalHabitatVulnerableSouth America PackGiant Anteater
59%
ReptileExhibitLeast ConcernBasegameGreen Iguana
59%
ReptileExhibitCritically EndangeredBasegameLesser Antillean Iguana
59%
MammalHabitatVulnerableBasegameMandrill
59%
MammalHabitatLeast ConcernTwilight PackRaccoon
59%
MammalHabitatLeast ConcernBasegameSpotted Hyena
59%
MammalHabitatNear ThreatenedGrasslands PackStriped Hyena
59%
ReptileExhibitLeast ConcernBasegameYellow Anaconda
59%
MammalHabitatLeast ConcernEurope PackAlpine Ibex
56%
ArthropodExhibitData DeficientBasegameAmazonian Giant Centipede
56%
MammalHabitatLeast ConcernNorth America PackCalifornia Sea Lion
56%
MammalHabitatLeast ConcernBasegameCommon Warthog
56%
MarsupialHabitatLeast ConcernTwilight PackCommon Wombat
56%
MarsupialHabitatLeast ConcernGrasslands PackRed Necked Wallaby
56%
MammalHabitatEndangeredBasegameRed Panda
56%
MammalHabitatExtinct in the WildConservation PackScimitar Horned Oryx
56%
MammalHabitatVulnerableSoutheast Asia PackBinturong
53%
AmphibianExhibitLeast ConcernWetlands PackDanube Crested Newt
53%
MammalHabitatEndangeredSoutheast Asia PackDhole
53%
MammalHabitatLeast ConcernEurope PackEurasian Lynx
53%
MammalHabitatLeast ConcernEurope PackEuropean Badger
53%
MammalHabitatDomesticatedSouth America PackLlama
53%
MammalHabitatLeast ConcernGrasslands PackNine Banded Armadillo
53%
MammalHabitatLeast ConcernBasegameSable Antelope
53%
BirdHabitatLeast ConcernAustralia PackSouthern Cassowary
53%
MammalHabitatLeast ConcernBasegameBlack Wildebeest
50%
ReptileExhibitLeast ConcernArid PackDesert Horned Viper
50%
ReptileExhibitVulnerableAquatic PackDiamondback Terrapin
50%
ArachnidExhibitData DeficientBasegameGiant Desert Hairy Scorpion
50%
ArachnidExhibitData DeficientBasegameGiant Forest Scorpion
50%
InsectExhibitData DeficientBasegameGoliath Beetle
50%
MarsupialHabitatVulnurableOceania PackQuokka
50%
InsectExhibitData DeficientAfrica PackSacred Scarab Beetle
50%
InsectExhibitData DeficientBasegameTitan Beetle
50%
MammalHabitatLeast ConcernArid PackAfrican Crested Porcupine
47%
MammalHabitatLeast ConcernGrasslands PackBlue Wildebeest
47%
MammalHabitatCritically EndangeredBasegameChinese Pangolin
47%
GastropodExhibitData DeficientBasegameGiant Tiger Land Snail
47%
BirdHabitatVulnerableOceania PackNorth Island Brown Kiwi
47%
MammalHabitatVulnerableSoutheast Asia PackNorth Sulawesi Babirusa
47%
MammalHabitatNear ThreatenedWetlands PackPlatypus
47%
MammalHabitatCritically EndangeredArid PackSomali Wild Donkey
47%
MammalHabitatLeast ConcernTwilight PackStriped Skunk
47%
MammalHabitatNear ThreatenedBasegameBongo
44%
MammalHabitatLeast ConcernAnniversary GiftCollared Peccary
44%
MammalHabitatVulnerableTropical PackFossa
44%
InsectExhibitData DeficientBasegameGiant Burrowing Cockroach
44%
MammalHabitatLeast ConcernBasegameJapanese Macaque
44%
BirdHabitatLeast ConcernEurasia Animal PackMute Swan
44%
BirdHabitatVulnerableWetlands PackRed Crowned Crane
44%
MammalHabitatVulnerableArctic PackReindeer
44%
MammalHabitatLeast ConcernArid PackSand Cat
44%
MammalHabitatLeast ConcernEurasia Animal PackWild Boar
44%
MammalHabitatLeast ConcernEurasia Animal PackWolverine
44%
MammalHabitatCritically EndangeredArid PackAddax
41%
AmphibianExhibitCritically EndangeredConservation PackAxolotl
41%
MammalHabitatLeast ConcernNorth America PackBlack Tailed Prairie Dog
41%
MammalHabitatLeast ConcernGrasslands PackCaracal
41%
MammalHabitatVulnerableSouth America PackColombian White Faced Capuchin Monkey
41%
ReptileExhibitNear ThreatenedBasegameGila Monster
41%
MammalHabitatLeast ConcernBasegamePronghorn Antelope
41%
MammalExhibitEndangeredOceania PackSpectacled Flying Fox
41%
MammalHabitatLeast ConcernBasegameSpringbok
41%
MarsupialHabitatEndangeredOceania PackTasmanian Devil
41%
MammalHabitatEndangeredTropical PackLar Gibbon
38%
MammalHabitatLeast ConcernBasegameNyala
38%
MammalHabitatLeast ConcernTropical PackRed River Hog
38%
MammalHabitatCritically EndangeredEurasia Animal PackSaiga
38%
MammalHabitatEndangeredConservation PackSiamang
38%
ReptileExhibitLeast ConcernBasegameWestern Diamondback Rattlesnake
38%
InsectExhibitData DeficientSoutheast Asia PackGiant Malaysian Leaf Insect
34%
ArachnidExhibitData DeficientBasegameGoliath Birdeater
34%
MammalHabitatNear ThreatenedEurasia Animal PackWisent
34%
MammalHabitatEndangeredWetlands PackNile Lechwe
31%
ReptileExhibitLeast ConcernBasegameDeath Adder
28%
MammalHabitatLeast ConcernBasegameGemsbok
28%
ReptileExhibitLeast ConcernBasegamePuff Adder
28%
MammalHabitatVulnerableEurasia Animal PackTakin
28%

Score Distribution

Percentile by Number Answered

Percent of People with Each Score

Your Score History

You have not taken this quiz since the last reset